Avaliação do processo ensino-aprendizagem (Record no. 67221)

MARC details
000 -LÍDER
campo de controle de tamanho fixo 00386 a2200157 4500
001 - NÚMERO DE CONTROLE
campo de controle 67221
020 ## - ISBN - INTERNATIONAL STANDARD BOOK NUMBER
ISBN - International Standard Book Number 9788508027859
040 ## - FONTE DA CATALOGAÇÃO
Instituição que transcreveu o registro Anchieta - Pituba
100 ## - ENTRADA PRINCIPAL--NOME PESSOAL
Nome pessoal Haydt, Regina Cazaux
240 10 - TÍTULO UNIFORME
Título uniforme Avaliação do processo ensino-aprendizagem
Idioma da obra por
245 10 - TÍTULO
Título Avaliação do processo ensino-aprendizagem
300 ## - DESCRIÇÃO FÍSICA
Extensão 159
362 0# - DATAS DE PUBLICAÇÃO E/OU DESIGNAÇÃO SEQUENCIAL
Datas de publicação e/ou designação sequencial 2008
650 #4 - ASSUNTO--TERMO TÓPICO
Cabeçalho tópico ou nome geográfico Educação
942 ## - ELEMENTOS DE ENTRADA ADICIONADOS (KOHA)
Tipo de material Koha Livros
Holdings
Situação do descarte Situação das perdas Situação física Não pode ser emprestado Biblioteca de origem Biblioteca atual Data de aquisição Total de empréstimos Número de chamada completo Código de barras Data de último acesso Data do preço efetivo Tipo de material Koha
        Colégio Anchieta - Pituba Colégio Anchieta - Pituba 21/11/2023   370 H416a HAY AVA 22077/PIT 21/11/2023 21/11/2023 Livros
        Colégio São Paulo Colégio São Paulo 22/11/2023   370 H416 4837/CSP 22/11/2023 22/11/2023 Livros